[Event "VIE-ch U13 Girls"]
[Site "Hanoi"]
[Date "2022.06.16"]
[Round "8"]
[White "Nguyen, Viet Hang"]
[Black "Nguyen, Thanh Thuy"]
[Result "1-0"]
[WhiteElo "2153"]
[BlackElo "2130"]
[PlyCount "101"]
[EventDate "2022.06.11"]
[EventType "swiss"]
[EventRounds "9"]
[EventCountry "VIE"]
[SourceTitle "EXT 2023"]
[Source "ChessBase"]
[SourceDate "2022.10.05"]
[SourceVersion "1"]
[SourceVersionDate "2022.10.05"]
[SourceQuality "1"]

1. e4 d5 2. exd5 Nf6 3. Nc3 Nxd5 4. Nxd5 Qxd5 5. h3 Nc6 6. Nf3 e5 7. d3 Bf5 8. Be2 Bc5 9. Be3 Bxe3 10. fxe3 e4 11. dxe4 Qxe4 12. Kf2 Qxc2 13. Qxc2 Bxc2 14. Bb5 0-0-0 15. Bxc6 bxc6 16. Rhe1 Rhe8 17. Rac1 Be4 18. Ng5 Kb7 19. Rcd1 Rxd1 20. Rxd1 Bd5 21. a3 f6 22. Nf3 Bxf3 23. gxf3 Re7 24. e4 Kb6 25. Ke3 g5 26. f4 gxf4+ 27. Kxf4 Re5 28. Rd7 Rh5 29. Kg4 Re5 30. Kf3 f5 31. Kf4 Rxe4+ 32. Kg3 Re3+ 33. Kh4 h5 34. Rh7 Rb3 35. Rxh5 Rxb2 36. Rxf5 Rb3 37. Kg4 Rxa3 38. h4 Ra1 39. Rf3 Rd1 40. h5 Kb5 41. h6 Rd6 42. h7 Rh6 43. Rh3 Rxh7 44. Rxh7 Kb6 45. Kf4 a5 46. Ke4 c5 47. Kd5 c6+ 48. Kc4 a4 49. Rh3 Ka5 50. Kxc5 Ka6 51. Kxc6 1-0